000 00673nam a2200169 a 4500
008 160302s2009 ||||||||||||||||| || u
020 _a9780340950036
050 _aRB 111 Lak
100 _aLakhani, Sunil R
245 1 0 _aBasic pathology: an introduction to the mechanisms of disease
_cBy Sunil R. Lakhani, Susan A. Dilly [and] Caroline J. Finlayson
250 _a4th ed.
260 _aBoca Raton:
_bCRC Press
_c2009
300 _a329p.: ill.
350 _a49.95
650 0 _aPATHOLOGY
995 _aMEDICAL LIBRARY OPEN ACCESS
_e903505
_FCBU-SCHOOL OF MEDICINE LIBRARY (Ndola)
_I49.95
_jRB 111 Lak
_M1
_UAVAILABLE
_WMar 14, 2016
_y903505
_ZMedical Library Open Access Collection
999 _c30835
_d30835